000 00862nam a2200265Ia 4500
001 dia_3076
003 CHAP
005 20251023153531.0
008 220117s1974 xx 000 0 und d
010 _a173582
040 _cCHAP
082 _aC 338.1 E55 1974
110 _aCentro de Estadística y Cálculo
_9154017
245 _aInforme anual de actividades 1974 /
_c E. N. A., Colegio de Postgraduados, Centro de Estadística y Cálculo
260 _aMexico :
_b Colegio de Posgraduados,
_c1974
300 _a151 p.
503 _aD
650 _aEducación agrícola
_xMéxico
_9137279
650 _aEstadística y cálculo
_xInforme
_9154018
700 _aCentro de Estadística y Cálculo
_9154019
901 _aC 338.1 E55 1974
902 _aM
905 _a0000001974 mx n 0000000000spa00
942 _cLIBRO
_2ddc
999 _c173582
_d173582